Konzervatívna liečba empyému hrudníka

Bibliographic Details
Main Authors: Tudík, Ivan (Author), Oružinský, Ján (Author)
Format: Article
Language:Slovak
PhysicalDescription:Tab. 5, lit. 17 zázn. vangl., slov.
ISSN:0371-2222
Subjects:

MARC

LEADER 00000nab a2200000 a 4500
001 vtls000556333
003 SK-MaSNL
005 20260303015123.0
008 220422c1991 xo 0 slo
015 |a SNBRB19rr/mm-uuuuu 
035 |a CL0556471 
040 |a SNKBUCL  |b slo  |c SNKBUCL  |e AACR2 
041 0 |a slo 
044 |a xo  |c SK 
080 |a 616.25-002.3  |2 1981 
100 1 |a Tudík, Ivan  |4 aut  |9 12101 
245 1 0 |a Konzervatívna liečba empyému hrudníka  |c Ivan Tudík, Ján Oružinský 
300 |b Tab. 5, lit. 17 zázn. vangl., slov. 
650 0 7 |a empyém hrudníka  |2 snkbucl  |9 133101 
655 7 |a články z novín a časopisov  |2 snkbucl  |9 267496 
700 1 |a Oružinský, Ján  |4 aut  |9 449880 
773 0 |t Studia pneumologica et phtiseologica cechoslovaca  |g Roč. 51, č. 4 (1991), s. 14-20  |x 0371-2222 
850 |a Slovenská národná knižnica v Martine  |a MTA001 
852 |a SNK  |b KIS3GCP 
958 |a NB 
958 |a RK 
958 |a ME 
992 |a RBX 
999 |c 1611152  |d 1613082